000 00741nam a2200241 i 4500
001 22345
003 BD-RjUL
005 20211209000809.0
008 140308r19661958enk 000 1 eng d
035 _a(BD-RjUL)22410
040 _aDLC
_cDLC
_dDLC
_dBD-RjUL
_beng
041 _aeng
082 0 0 _a822.912
_219
_bSHM 1966
100 1 _aShaw, Bernard,
_d1856-1950.
_968985
245 1 0 _aMajor Barbara /
_cBernard Shaw ; with an introd. by A. C. Ward.
260 _aLondon :
_bGreen and Co.,
_c1958 [impression 1966].
300 _a200 p. ;
_c19 cm.
600 1 0 _aShaw, Bernard,
_d1856-1950
_xManuscripts
_xFacsimiles.
_968994
655 7 _aDidactic drama.
_2gsafd
_968995
942 _2ddc
_cBK
999 _c22345
_d22345